Renewable energy: sustainable energy concepts for the future
I tiakina i:
| Ngā kaituhi matua: | , |
|---|---|
| Hōputu: | Pukapuka |
| Reo: | Ingarihi |
| I whakaputaina: |
Weinheim
Wiley-Vch
2008
|
| Putanga: | 1a. ed |
| Ngā marau: | |
| Ngā Tūtohu: |
Tāpirihia he Tūtohu
Kāore He Tūtohu, Me noho koe te mea tuatahi ki te tūtohu i tēnei pūkete!
|
MARC
| LEADER | 00000cam a2200000 a 4500 | ||
|---|---|---|---|
| 001 | UCC6754 | ||
| 003 | CL-VaPUC | ||
| 008 | 190103e20080000gw |||||||||||||||||eng|d | ||
| 020 | |a 9783527408047 | ||
| 082 | 0 | 4 | |a 621.042 |b WEN |2 21 |
| 100 | 0 | |a Wengenmayr, Roland |e author |9 601230 | |
| 700 | 0 | |a Buhrke, Thomas |e author |9 601231 | |
| 245 | 1 | 0 | |a Renewable energy: sustainable energy concepts for the future |
| 250 | |a 1a. ed | ||
| 300 | |a 118 p | ||
| 942 | |c BK | ||
| 945 | |d 20190103 17:32:00 |a dcastane | ||
| 260 | |a Weinheim |b Wiley-Vch |c 2008 | ||
| 650 | 0 | |a Energías renovables |9 533796 | |
| 650 | 7 | |a RECURSOS RENOVABLES |2 CL-VaPUC |9 339698 | |
| 650 | 0 | |a Bioprocesos |9 456166 | |
| 650 | 7 | |a ENERGIA SOLAR |2 CL-VaPUC |9 601232 | |
| 650 | 0 | |a Energía eólica |9 316611 | |
| 583 | |a last modification |c 20190103 17:32:00 |k Rodrigo Vera | ||
| 999 | |c 373612 |d 373610 | ||
| 952 | |0 0 |1 0 |3 erd |4 0 |6 621_042000000000000_WEN_2008 |7 0 |8 A |9 491806 |a BIBING |b BIBING |i 5528275 |o 621.042 WEN 2008 |p 5528275 |r 2025-01-20 |w 2019-11-24 |y BK |z Catalogado en:20190103 |k ING | ||